000 02096nam0a2200409 4500
001 RU\NLR\bibl\1382799
005 20260405195934.0
010 _a5-98322-471-9
_92000
021 _aRU
_b2009-30586
_91839
035 _a(nilc)RSL-KNO-004314391
035 _a(NLR Aleph) 001374874
090 _a1065001
_c1065001
100 _a20090410d2009 |||y0rusy50 ca
101 1 _arus
_ceng
102 _aRU
105 _aa |||||||||
200 1 _aМаммография
_e100 клинических случаев
_fУве Фишер, Фридеманн Баум [при участии Ласло Фузези, Дорита вон Хейдена]
_gпер. с англ. : [В. А. Климова]
_gпод общ. ред. Н. В. Заболотской
210 _aМосква
_cМЕДпресс-информ
_d2009
215 _a363 с.
_cил., цв. ил.
_d31
300 _aЗагл. и авт. ориг.: Mammography casebook / Uwe Fischer, M.D. Professor, Fridemann Baum, M.D.
320 _aАлф. указ.: с. 362-363
454 0 _12001#$aMammography casebook$fUwe Fischer, M.D. Professor, Fridemann Baum, M.D.
_1700#1$3RU\NLR\AUTH\7787593$7ba$aFischer$bU.$gUwe$4070
_1701#1$3RU\NLR\AUTH\7787596$7ba$aBaum$bF.$gFriedemann$4070
_tMammography casebook
_aFischer, Uwe
606 1 _aМаммография
_jРуководства, пособия и т.п
_92259861
_3RU\NLR\AUTH\6601584927
606 1 _aМолочные железы
_jРуководства, пособия и т.п.
_xБолезни
_xДиагностика
_xВизуализации методы
_92442323
_3RU\NLR\auth\661452842
610 0 _aмаммография
686 _aР364.199,07
_2rubbk
686 _aР364.191.31я7
686 _aР457.363.1-43я7
700 1 _4070
_7ca
_8rus
_aФишер
_bУ.
_gУве
_970520
_3RU\NLR\AUTH\7787592
701 1 _4070
_7ca
_8rus
_aБаум
_bФ.
_gФридеман
_970522
_3RU\NLR\AUTH\7787594
801 0 _aRU
_bРКП
_c20090410
_grcr
801 1 _aRU
_bРГБ
_c20090410
801 2 _aRU
_bNLR
_c20090617
_grcr
942 _cBOOK
980 _aNB